Normal view
MARC view
Entry Personal Name
001 - CONTROL NUMBER
- control field: 71886
003 - CONTROL NUMBER IDENTIFIER
- control field: OSt
005 - DATE AND TIME OF LATEST TRANSACTION
- control field: 20180408160157.0
008 - FIXED-LENGTH DATA ELEMENTS
- fixed length control field: 180408|| aca||aabn | a|a d
040 ## - CATALOGING SOURCE
- Original cataloging agency: OSt
- Transcribing agency: OSt
100 ## - HEADING--PERSONAL NAME
- Personal name: Tandan P.D.
670 ## - SOURCE DATA FOUND
- Source citation: Work cat.: (OSt): Tandsn.P.D. 71885, The Women, 2013









